Central Library OPAC University of Rajshahi

Moderner deutscher Sprachgebrauch : (Record no. 7959)

MARC details
000 -LEADER
fixed length control field 00832cam a2200265u 4500
001 - CONTROL NUMBER
control field 7959
003 - CONTROL NUMBER IDENTIFIER
rucl marc code BD-RjUL
005 - DATE AND TIME OF LATEST TRANSACTION
control field 20211208234512.0
008 - FIXED-LENGTH DATA ELEMENTS--GENERAL INFORMATION
fixed length control field 140116s1966 gw a 001 0 ger
020 ## - INTERNATIONAL STANDARD BOOK NUMBER
International Standard Book Number 3190010102
035 ## - SYSTEM CONTROL NUMBER
System control number (BD-RjUL)8003
040 ## - CATALOGING SOURCE
Original cataloging agency DLC
Transcribing agency CarP
Modifying agency BD-RjUL
Language of cataloging eng
041 ## - LANGUAGE CODE
Language code of text/sound track or separate title eng
082 04 - DEWEY DECIMAL CLASSIFICATION NUMBER
Classification number 435
Author mark and year GRM 1966
100 1# - MAIN ENTRY--PERSONAL NAME
Personal name Griesbach, Heinz.
9 (RLIN) 24837
245 10 - TITLE STATEMENT
Title Moderner deutscher Sprachgebrauch :
Remainder of title en lehrgang fur fortgeschrittene /
Statement of responsibility, etc. Heinz Griesbach
250 ## - EDITION STATEMENT
Edition statement (2. Aufl.)
260 ## - PUBLICATION, DISTRIBUTION, ETC. (IMPRINT)
Place of publication, distribution, etc. München :
Name of publisher, distributor, etc. Hueber,
Date of publication, distribution, etc. c1966.
300 ## - PHYSICAL DESCRIPTION
Pagination xxii, 333 p. :
Illustrations ill. ;
Size 21 cm.
504 ## - BIBLIOGRAPHY, ETC. NOTE
Bibliography, etc Include index.
650 #0 - SUBJECT ADDED ENTRY--TOPICAL TERM
Topical term or geographic name as entry element German language
General subdivision Grammar
9 (RLIN) 23217
700 1# - ADDED ENTRY--PERSONAL NAME
Personal name Griesbach, Heinz.
942 ## - ADDED ENTRY ELEMENTS (KOHA)
Source of classification or shelving scheme Dewey Decimal Classification
Koha item type Books
Holdings
Lost status Source of classification or shelving scheme Damaged status Not for loan Collection code Permanent Location Current Location Shelving location Date acquired Source of acquisition Cost, normal purchase price Total Checkouts Full call number Date last seen Copy number Koha item type
  Dewey Decimal Classification     Non-fiction Central Library, University of Rajshahi Central Library, University of Rajshahi   18/05/1983 Heffer 5.75   435 GRM 1966 16/01/2014 C-8 Books
  Dewey Decimal Classification     Non-fiction Central Library, University of Rajshahi Central Library, University of Rajshahi   18/05/1983 Heffer 5.75   435 GRM 1966 24/08/2016 C-2 Books
  Dewey Decimal Classification     Non-fiction Central Library, University of Rajshahi Central Library, University of Rajshahi   18/05/1983 Heffer 5.75   435 GRM 1966 24/08/2016 C-3 Books
  Dewey Decimal Classification     Non-fiction Central Library, University of Rajshahi Central Library, University of Rajshahi   18/05/1983 Heffer 5.75   435 GRM 1966 24/08/2016 C-4 Books
  Dewey Decimal Classification     Non-fiction Central Library, University of Rajshahi Central Library, University of Rajshahi   18/05/1983 Heffer 5.75   435 GRM 1966 24/08/2016 C-5 Books
  Dewey Decimal Classification     Non-fiction Central Library, University of Rajshahi Central Library, University of Rajshahi   18/05/1983 Heffer 5.75   435 GRM 1966 24/08/2016 C-6 Books
  Dewey Decimal Classification     Non-fiction Central Library, University of Rajshahi Central Library, University of Rajshahi   18/05/1983 Heffer 5.75   435 GRM 1966 24/08/2016 C-7 Books
  Dewey Decimal Classification     Non-fiction Central Library, University of Rajshahi Central Library, University of Rajshahi   18/05/1983 Heffer 5.75   435 GRM 1966 24/08/2016 C-9 Books
  Dewey Decimal Classification     Non-fiction Central Library, University of Rajshahi Central Library, University of Rajshahi   18/05/1983 Heffer 5.75   435 GRM 1966 24/08/2016 C-10 Books
  Dewey Decimal Classification   Not For Loan Non-fiction Central Library, University of Rajshahi Central Library, University of Rajshahi Reading Room 18/05/1983 Heffer 5.75   435 GRM 1966 24/08/2016 C-1 Books